| 000 | 00607nam a2200205Ia 4500 | ||
|---|---|---|---|
| 001 | 8469 | ||
| 008 | 190618s1986 ii a g b000 u 465 u | ||
| 082 | _a973 | ||
| 100 | _aParkes, Henry Bamford. | ||
| 245 | 0 |
_aThe United States of America: A History / _cby Henry Bamford Parkes. _hTextual Documents |
|
| 250 | _a1st ed / | ||
| 260 |
_aNew Delhi : _bKhosal Publishing House , _c1986. |
||
| 300 |
_axiv, 805p. : _bill. ; _c22cm. . |
||
| 504 | _aIndex | ||
| 653 | _aHistory | ||
| 653 | _aHistory, United States of America, World history, | ||
| 653 | _aG-History | ||
| 653 | _aPG-History | ||
| 942 |
_2ddc _cBK |
||
| 999 |
_c8456 _d8456 |
||